000
00302nam a2200121 a 4500
005
20141022142009.0
008
120229s19uu xx 00 eng d
050
_a
CD
_b
R88 2005
100
_a
Rutherford, Paula
245
_a
Leading the learning /
_c
Paula Rutherford.
260
_c
2005.
942
_c
AVM
999
_c
276656
_d
276656